000
00216nam a22000857a 4500
999
_c
13563
_d
13563
100
_a
Sheikh Zayed Islamic Center
245
_a
The Islamic Culture
260
_a
Karachi Pakistan
_b
University of Karachi
_c
2007
942
_c
BK